[Event "Irish Championship 2009"]
[Site "Dublin IRL"]
[Date "2009.07.05"]
[Round "2"]
[White "Quinn, Mark"]
[Black "Fitzsimons, David"]
[Result "1-0"]
[WhiteTitle "IM"]
[WhiteElo "2404"]
[BlackElo "2167"]
[WhiteICU "2340"]
[BlackICU "2183"]
[WhiteClub "Kilkenny"]
[BlackClub "Elm Mount"]
[WhiteNationality "IRL"]
[BlackNationality "IRL"]
[WhiteFideId "2500450"]
[BlackFideId "2501961"]
[PlyCount "175"]
[EventDate "2009.07.04"]

{ Event information: <a
href="https://www.irlchess.com/irlch2009_allfiles/pairings_irlch2009.html">Tournament
report</a>. }

1. d4 Nf6 2. c4 e6 3. Nf3 Bb4+ 4. Bd2 a5 5. Nc3 O-O 6. Qc2 d6 7. a3 Bxc3 8.
Bxc3 Nc6 9. e3 Re8 10. Rd1 Qe7 11. d5 Nb8 12. dxe6 Bxe6 13. Ng5 Nbd7 14.
Bd3 h6 15. Bh7+ Kf8 16. Nxe6+ Qxe6 17. Bf5 Qe7 18. b3 Ne5 19. Bb2 Rab8 20.
O-O b5 21. cxb5 Rxb5 22. a4 Rb7 23. Bc3 Ra7 24. Rfe1 Rb8 25. f4 Ned7 26. e4
c6 27. Qf2 Ra6 28. Qd4 Rxb3 29. e5 dxe5 30. fxe5 Nd5 31. e6 fxe6 32. Bxe6
Qc5 33. Ba1 Qxd4+ 34. Bxd4 Rb7 35. Rd2 N5f6 36. Rf2 c5 37. Bc4 Rd6 38. Bc3
Nb6 39. Bb5 Ra7 40. Rc1 Nd5 41. Be5 Re6 42. Bg3 Nb6 43. Rxc5 Re4 44. Ra2
Rd4 45. h3 Ne4 46. Rf5+ Kg8 47. Be5 Rd1+ 48. Rf1 Rd5 49. Ba1 Rc7 50. Ra3
Nc4 51. Raf3 Ncd2 52. Rf8+ Kh7 53. R8f7 Nxf1 54. Rxc7 Rd1 55. Rxg7+ Kh8 56.
Rf7+ Rxa1 57. Rxf1 Ra2 58. Rc1 Kg7 59. Rc6 Ra1+ 60. Kh2 Ra2 61. h4 Ra3 62.
Rc4 Nd6 63. Rc7+ Kf6 64. Bd7 Ne4 65. Ra7 Nc5 66. Bc6 Nd3 67. g3 Ne5 68. Be8
Nc4 69. Rf7+ Ke6 70. Rh7 Nb2 71. Rxh6+ Ke7 72. Bc6 Nxa4 73. Bxa4 Rxa4 74.
Ra6 Kd7 75. h5 Kc7 76. h6 Ra2+ 77. Kh3 Ra1 78. Kh4 Kb7 79. Rf6 a4 80. g4 a3
81. Rf2 Rh1+ 82. Kg5 Rb1 83. h7 Rb5+ 84. Kg6 Rb6+ 85. Kg7 Rb2 86. Rf3 a2
87. Ra3 Rg2 88. h8=Q 1-0

[Event "Irish Championship 2009"]
[Site "Dublin IRL"]
[Date "2009.07.06"]
[Round "3"]
[White "Atlas, Valeri"]
[Black "Short, Philip"]
[Result "1/2-1/2"]
[WhiteTitle "IM"]
[BlackTitle "FM"]
[WhiteElo "2428"]
[BlackElo "2309"]
[BlackICU "2265"]
[WhiteNationality "AUT"]
[BlackNationality "IRL"]
[WhiteFideId "12000035"]
[BlackFideId "2500086"]
[PlyCount "122"]
[EventDate "2009.07.04"]

{ Event information: <a
href="https://www.irlchess.com/irlch2009_allfiles/pairings_irlch2009.html">Tournament
report</a>. }

1. e4 e5 2. Nf3 Nc6 3. Bc4 Bc5 4. c3 Nf6 5. d3 a6 6. Bb3 Ba7 7. O-O d6 8.
Be3 O-O 9. Nbd2 Qe7 10. h3 Be6 11. Bxa7 Rxa7 12. Nh2 d5 13. Qf3 dxe4 14.
dxe4 Raa8 15. Rfd1 Rad8 16. Nhf1 Rd7 17. Nc4 Rfd8 18. Rxd7 Rxd7 19. Nce3
Bxb3 20. axb3 Qe6 21. Ra3 g6 22. b4 Kg7 23. g4 h5 24. Qg2 Kf8 25. f3 Ne7
26. Ra5 Nc6 27. Ra1 Ne7 28. Qe2 c6 29. Qc4 Qd6 30. Kf2 h4 31. Qc5 Qxc5 32.
bxc5 Nh7 33. Ng2 Ng5 34. Nxh4 Nxh3+ 35. Kg3 Nf4 36. Ng2 Ne6 37. b4 f6 38.
Kf2 Nc8 39. Ke2 Rh7 40. Rd1 Ke8 41. Kf2 Rd7 42. Nfe3 Rxd1 43. Nxd1 a5 44.
Nb2 axb4 45. cxb4 b6 46. cxb6 Nxb6 47. Ne1 c5 48. bxc5 Nxc5 49. Ke3 g5 50.
Ned3 Nxd3 51. Kxd3 Kf7 52. Kc3 Nd7 53. Kc4 Nf8 54. Kd5 Ng6 55. Nc4 Nh4 56.
Nd2 Ke7 57. Kc6 Ng6 58. Nc4 Nh4 59. Nd2 Ng6 60. Nc4 Nh4 61. Nd2 Ng6 1/2-1/2

[Event "Irish Championship 2009"]
[Site "Dublin IRL"]
[Date "2009.07.06"]
[Round "3"]
[White "Babei, Angelica"]
[Black "Loughran, John"]
[Result "1/2-1/2"]
[WhiteElo "2015"]
[BlackElo "1939"]
[BlackICU "1675"]
[BlackClub "Elm Mount"]
[WhiteNationality "MDA"]
[BlackNationality "IRL"]
[WhiteFideId "13902598"]
[BlackFideId "2501562"]
[PlyCount "92"]
[EventDate "2009.07.04"]

{ Event information: <a
href="https://www.irlchess.com/irlch2009_allfiles/pairings_irlch2009.html">Tournament
report</a>. }

1. e4 c5 2. Nc3 e6 3. f4 Nc6 4. Nf3 d5 5. d3 d4 6. Ne2 Nf6 7. g3 Be7 8. Bg2
b6 9. h3 Bb7 10. g4 b5 11. Ng3 Nd7 12. Qe2 e5 13. Nf5 g6 14. Nxe7 Qxe7 15.
fxe5 Ndxe5 16. Bf4 Nxf3+ 17. Qxf3 Ne5 18. Qg3 f6 19. O-O O-O 20. g5 Nf7 21.
gxf6 Qe6 22. e5 Bxg2 23. Qxg2 Rab8 24. Qg4 Qxg4+ 25. hxg4 Rbe8 26. Rae1 g5
27. e6 Rxe6 28. Rxe6 gxf4 29. Rxf4 Ng5 30. Ree4 Nh3+ 31. Kg2 Nxf4+ 32. Rxf4
Kf7 33. Rf5 c4 34. Rxb5 cxd3 35. cxd3 Rc8 36. Kf3 Kxf6 37. g5+ Kg6 38. Ke4
Rc2 39. Kxd4 a6 40. Ra5 Rxb2 41. Rxa6+ Kxg5 42. a4 h5 43. Ra8 h4 44. a5 Ra2
45. a6 Kf6 46. a7 Kg7 1/2-1/2

[Event "Irish Championship 2009"]
[Site "Dublin IRL"]
[Date "2009.07.06"]
[Round "3"]
[White "Boyle, Bernard"]
[Black "Healy, John"]
[Result "1-0"]
[WhiteElo "1936"]
[BlackElo "1859"]
[WhiteICU "1774"]
[BlackICU "1869"]
[WhiteClub "Elm Mount"]
[BlackClub "St. Benildus"]
[WhiteNationality "IRL"]
[BlackNationality "IRL"]
[WhiteFideId "2501830"]
[BlackFideId "2500965"]
[PlyCount "73"]
[EventDate "2009.07.04"]

{ Event information: <a
href="https://www.irlchess.com/irlch2009_allfiles/pairings_irlch2009.html">Tournament
report</a>. }

1. d4 f5 2. Bf4 Nf6 3. e3 e6 4. Nf3 Be7 5. Nbd2 O-O 6. h3 d5 7. Bd3 Ne4 8.
g4 g5 9. Be5 Nd7 10. Qe2 c5 11. c3 c4 12. Bc2 Qb6 13. Rb1 Nxe5 14. Nxe5 Qd6
15. gxf5 exf5 16. Rg1 Qh6 17. Nxe4 fxe4 18. Kd2 Qh4 19. Rg3 Be6 20. Rbg1
Bf7 21. Bd1 Bg6 22. Qf1 Bd6 23. R1g2 Bxe5 24. dxe5 Rf5 25. Rg4 Qxh3 26. Qg1
Qh6 27. Rxg5 Rxg5 28. Rxg5 Kf7 29. Qg4 Ke7 30. e6 Rd8 31. Qf4 Rd6 32. Ba4
Qg7 33. Bd7 Qf6 34. Qg3 b5 35. Rg4 b4 36. Rf4 Qh8 37. Qh4+ 1-0

[Event "Irish Championship 2009"]
[Site "Dublin IRL"]
[Date "2009.07.06"]
[Round "3"]
[White "Brady, Stephen"]
[Black "Quinn, Mark"]
[Result "1/2-1/2"]
[WhiteTitle "FM"]
[BlackTitle "IM"]
[WhiteElo "2384"]
[BlackElo "2404"]
[WhiteICU "2363"]
[BlackICU "2340"]
[WhiteClub "Phibsboro"]
[BlackClub "Kilkenny"]
[WhiteNationality "IRL"]
[BlackNationality "IRL"]
[WhiteFideId "2500124"]
[BlackFideId "2500450"]
[PlyCount "30"]
[EventDate "2009.07.04"]

{ Event information: <a
href="https://www.irlchess.com/irlch2009_allfiles/pairings_irlch2009.html">Tournament
report</a>. }

1. e4 e5 2. Nf3 Nc6 3. Nc3 Nf6 4. Bb5 Nd4 5. Bc4 Bc5 6. Nxd4 Bxd4 7. O-O
O-O 8. d3 c6 9. Qf3 b5 10. Bb3 d6 11. h3 Nd7 12. Ne2 Bb6 13. a3 Nc5 14. Ba2
Ne6 15. c3 Qh4 1/2-1/2

[Event "Irish Championship 2009"]
[Site "Dublin IRL"]
[Date "2009.07.06"]
[Round "3"]
[White "Daly, Colm"]
[Black "Benson, Oisin P."]
[Result "1-0"]
[WhiteTitle "FM"]
[WhiteElo "2308"]
[BlackElo "1967"]
[WhiteICU "2264"]
[BlackICU "1999"]
[WhiteClub "Bray/Greystones"]
[BlackClub "St. Benildus"]
[WhiteNationality "IRL"]
[BlackNationality "IRL"]
[WhiteFideId "2500434"]
[BlackFideId "2501821"]
[PlyCount "87"]
[EventDate "2009.07.04"]
[BlackFullName "Benson, Ois&iacute;n P."]

{ Annotator: Colm Daly, irishchesschampionships.com, Round 3
(http://irishchesschampionships.com/2009/report3.html: dead link as of
August 30, 2014). } { Event information: <a
href="https://www.irlchess.com/irlch2009_allfiles/pairings_irlch2009.html">Tournament
report</a>. }

1. Nf3 Nf6 2. c4 g6 3. Nc3 Bg7 4. e4 d6 5. d4 O-O 6. Be2 e5 7. O-O Nc6 8.
d5 Ne7 9. Bg5 Nh5 10. Ne1 h6 11. Bxe7 Qxe7 12. Bxh5 gxh5 13. Qxh5 f5 14.
Nd3 Kh7 15. f3 f4 16. g4 fxg3 17. hxg3 Rg8 18. Kf2 Bd7 19. Rh1 Raf8 20. Ke2
Rf6 21. Raf1 Rg6 22. g4 Bf6 23. Qh2 Bg5 24. Qf2 b6 25. Ne1 Rf8 26. Qg2 Qf7
27. Nd3 a6 28. a3 Qe7 29. Rh3 b5 30. cxb5 axb5 31. Nb4 Qf6 32. Nd3 Qd8 33.
Rfh1 Qa8 34. Qg1 Qa6 35. Nb4 Qb7 36. Rh5 Rff6 37. R5h3 Rf7 38. Nd1 c5 39.
dxc6 Bxc6 40. Nc3 Qc8 41. Qd1 Bd7 42. Kd3 Qc4+ 43. Kc2 Bxg4 44. fxg4 1-0

[Event "Irish Championship 2009"]
[Site "Dublin IRL"]
[Date "2009.07.06"]
[Round "3"]
[White "Delaney, John"]
[Black "Hegarty, Sarah N."]
[Result "1-0"]
[WhiteTitle "FM"]
[WhiteElo "2227"]
[BlackElo "2098"]
[WhiteICU "2236"]
[WhiteClub "Rathmines"]
[WhiteNationality "IRL"]
[BlackNationality "ENG"]
[WhiteFideId "2500060"]
[BlackFideId "2501465"]
[PlyCount "55"]
[EventDate "2009.07.04"]

{ Event information: <a
href="https://www.irlchess.com/irlch2009_allfiles/pairings_irlch2009.html">Tournament
report</a>. }

1. e4 c5 2. Nf3 Nc6 3. d4 cxd4 4. Nxd4 g6 5. Ne2 Bg7 6. g3 Nf6 7. Bg2 d6 8.
h3 Bd7 9. a4 Rc8 10. O-O O-O 11. Kh2 Ne5 12. f4 Nc4 13. Ra2 Qb6 14. Qd3 Rc5
15. g4 Bxg4 16. hxg4 Nxg4+ 17. Kg3 h5 18. a5 Qd8 19. b4 Rc7 20. Nbc3 Qd7
21. Bh3 e5 22. f5 gxf5 23. Rxf5 Qe8 24. Nd5 Rc8 25. Bg5 f6 26. Bxg4 fxg5
27. Rxf8+ Qxf8 28. Bxc8 1-0

[Event "Irish Championship 2009"]
[Site "Dublin IRL"]
[Date "2009.07.06"]
[Round "3"]
[White "Duffy, Seamus"]
[Black "Redmond, John P."]
[Result "0-1"]
[WhiteElo "2078"]
[BlackElo "2193"]
[WhiteICU "1891"]
[WhiteClub "Wicklow"]
[BlackClub "Atticus ENG"]
[WhiteNationality "IRL"]
[BlackNationality "IRL"]
[WhiteFideId "2501708"]
[BlackFideId "2500051"]
[PlyCount "145"]
[EventDate "2009.07.04"]
[WhiteFullName "Duffy, S&eacute;amus"]

{ Event information: <a
href="https://www.irlchess.com/irlch2009_allfiles/pairings_irlch2009.html">Tournament
report</a>. }

1. e4 e6 2. Nf3 d5 3. e5 Bd7 4. d4 c5 5. c3 Nc6 6. Be3 Qb6 7. Qd2 c4 8. Qc2
Qa5 9. Be2 Nge7 10. O-O f5 11. h4 Qc7 12. Nbd2 h6 13. Rfc1 g6 14. b3 b5 15.
b4 a5 16. a3 Rg8 17. Nf1 Nd8 18. Qd2 Nf7 19. Ng3 Nc8 20. Bd1 Nb6 21. Ne2
Qd8 22. Nf4 Be7 23. g3 Ra7 24. h5 g5 25. Ng6 Nh8 26. Nxe7 Qxe7 27. Kh1 Kd8
28. Nh2 Qf7 29. Qe2 Kc7 30. Qb2 Rga8 31. g4 Qe7 32. f3 Nf7 33. Rcb1 Nd8 34.
Bc1 Qf8 35. Kg2 Nc6 36. Be3 Ne7 37. Bc1 Ra6 38. Be3 Kd8 39. Bc1 Ke8 40. Be3
R8a7 41. Bc1 Kf7 42. Nf1 axb4 43. cxb4 Kg8 44. Ng3 Rc7 45. Ne2 Nc6 46. Be3
c3 47. Qxc3 fxg4 48. Ng1 gxf3+ 49. Nxf3 Nc4 50. Bc1 Ne7 51. Qd3 Nf5 52. Nh2
Be8 53. Ng4 Rf7 54. Nf6+ Rxf6 55. exf6 Qxf6 56. Bg4 Nxd4 57. Ra2 e5 58. Rf2
Qg7 59. Bb2 Ne6 60. Bxe6+ Rxe6 61. Qf3 d4 62. Kg1 Bc6 63. Qf5 Re8 64. Bc1
e4 65. Bxg5 e3 66. Rf4 Bd7 67. Qd5+ Be6 68. Qxb5 Qxg5+ 69. Qxg5+ hxg5 70.
Rxd4 Nd2 71. Rd1 Nf3+ 72. Kf1 Bc4+ 73. Kg2 0-1

[Event "Irish Championship 2009"]
[Site "Dublin IRL"]
[Date "2009.07.06"]
[Round "3"]
[White "Fitzsimons, David"]
[Black "Cafolla, Peter"]
[Result "1-0"]
[WhiteElo "2167"]
[BlackElo "2046"]
[WhiteICU "2183"]
[BlackICU "2036"]
[WhiteClub "Elm Mount"]
[BlackClub "Rathmines"]
[WhiteNationality "IRL"]
[BlackNationality "IRL"]
[WhiteFideId "2501961"]
[BlackFideId "2500884"]
[PlyCount "73"]
[EventDate "2009.07.04"]

{ Event information: <a
href="https://www.irlchess.com/irlch2009_allfiles/pairings_irlch2009.html">Tournament
report</a>. }

1. e4 c5 2. Nf3 Nc6 3. Bb5 e6 4. c3 Nge7 5. d4 cxd4 6. cxd4 a6 7. Bxc6 bxc6
8. Nc3 d5 9. O-O Ng6 10. Be3 Be7 11. Qc2 O-O 12. Na4 f6 13. Rfd1 Qd6 14.
Rac1 Rb8 15. Nd2 a5 16. Nb3 dxe4 17. Qxe4 f5 18. Qd3 f4 19. Bd2 e5 20. Nxa5
Nh4 21. Rxc6 Qxd4 22. Qxd4 exd4 23. Rc4 Rb5 24. Nc6 Bd6 25. Rxd4 Nf3+ 26.
gxf3 Rg5+ 27. Kh1 Rf6 28. Ne7+ Bxe7 29. Bxf4 Rgf5 30. Bg3 Bb7 31. Re1 Rxf3
32. Kg1 Rxg3+ 33. fxg3 Bd6 34. Red1 Be5 35. Rd8+ Kf7 36. R8d7+ Kg6 37. Rxb7
1-0

[Event "Irish Championship 2009"]
[Site "Dublin IRL"]
[Date "2009.07.06"]
[Round "3"]
[White "Moran, Stephen"]
[Black "Doyle, Hugh"]
[Result "1-0"]
[WhiteElo "1989"]
[BlackElo "1910"]
[WhiteICU "2004"]
[BlackICU "1931"]
[WhiteClub "T.C.D."]
[BlackClub "Cork"]
[WhiteNationality "IRL"]
[BlackNationality "IRL"]
[WhiteFideId "2501872"]
[BlackFideId "2500876"]
[PlyCount "41"]
[EventDate "2009.07.04"]

{ Event information: <a
href="https://www.irlchess.com/irlch2009_allfiles/pairings_irlch2009.html">Tournament
report</a>. }

1. d4 Nf6 2. c4 g6 3. Nc3 Bg7 4. e4 d6 5. Bd3 O-O 6. Nge2 Nbd7 7. O-O a6 8.
f3 c5 9. Be3 b6 10. Qd2 Bb7 11. b3 e6 12. Rad1 Rc8 13. Bb1 Qe7 14. d5 exd5
15. exd5 Rfe8 16. Bg5 b5 17. cxb5 axb5 18. Nxb5 Qxe2 19. Nxd6 Bxd5 20. Nxc8
Re6 21. Rfe1 1-0

[Event "Irish Championship 2009"]
[Site "Dublin IRL"]
[Date "2009.07.06"]
[Round "3"]
[White "Quinn, Ciaran"]
[Black "O'Connell, Gerard"]
[Result "0-1"]
[WhiteElo "2133"]
[BlackElo "2121"]
[WhiteICU "1865"]
[BlackICU "2119"]
[WhiteClub "Elm Mount"]
[BlackClub "St. Benildus"]
[WhiteNationality "IRL"]
[BlackNationality "IRL"]
[WhiteFideId "2500817"]
[BlackFideId "2500493"]
[PlyCount "40"]
[EventDate "2009.07.04"]
[WhiteFullName "Quinn, Ciar&aacute;n"]

{ Event information: <a
href="https://www.irlchess.com/irlch2009_allfiles/pairings_irlch2009.html">Tournament
report</a>. }

1. d4 Nf6 2. c4 g6 3. Nc3 d5 4. Nf3 Bg7 5. Bg5 Ne4 6. Bh4 Nxc3 7. bxc3 c5
8. Qb1 cxd4 9. Qb5+ Bd7 10. Qxd5 Nc6 11. Nxd4 Qb6 12. O-O-O Bxd4 13. cxd4
Nb4 14. Qc5 Nxa2+ 15. Kd2 Qb2+ 16. Ke3 f6 17. Kf3 Qc2 18. Rd3 Rc8 19. Qxa7
Nb4 20. Qxb7 Bc6+ 0-1

[Event "Irish Championship 2009"]
[Site "Dublin IRL"]
[Date "2009.07.06"]
[Round "3"]
[White "O'Leary, Matt"]
[Black "Murray, David"]
[Result "0-1"]
[WhiteElo "2053"]
[BlackElo "1981"]
[BlackICU "2032"]
[BlackClub "Gonzaga"]
[WhiteNationality "IRL"]
[BlackNationality "IRL"]
[WhiteFideId "2501970"]
[BlackFideId "2501511"]
[PlyCount "50"]
[EventDate "2009.07.04"]

{ Annotator: David Murray (see source). } { Source: <a
href="https://forumserver.twoplustwo.com/showpost.php?p=11686868&postcount=11">Post
by David Murray</a>, Two Plus Two Poker Forums web site, July 6, 2009. } {
Event information: <a
href="https://www.irlchess.com/irlch2009_allfiles/pairings_irlch2009.html">Tournament
report</a>. }

1. d4 Nf6 2. c4 g6 3. Nf3 Bg7 4. g3 c5 5. Bg2 cxd4 6. Nxd4 Nc6 7. O-O O-O
8. Be3 Ng4 9. Nc3 Nxe3 10. fxe3 Qc7 11. Nd5 Qe5 12. Rf4 e6 13. Nxc6 dxc6
14. Ne7+ Kh8 15. Qd2 Qc7 16. Nxc8 Raxc8 17. Raf1 f5 18. c5 Rcd8 19. Qc1 Qe5
20. Rb4 Bh6 21. Kf2 Rd7 22. Rh4 Bg5 23. Ra4 Rfd8 24. Rxa7 Rd2 25. Rxb7
Qxe3+ 0-1

[Event "Irish Championship 2009"]
[Site "Dublin IRL"]
[Date "2009.07.07"]
[Round "4"]
[White "Benson, Oisin P."]
[Black "MacElligott, Gerard"]
[Result "1/2-1/2"]
[WhiteElo "1967"]
[BlackElo "2115"]
[WhiteICU "1999"]
[BlackICU "1963"]
[WhiteClub "St. Benildus"]
[BlackClub "Elm Mount"]
[WhiteNationality "IRL"]
[BlackNationality "IRL"]
[WhiteFideId "2501821"]
[BlackFideId "2500647"]
[PlyCount "59"]
[EventDate "2009.07.04"]
[WhiteFullName "Benson, Ois&iacute;n P."]

{ Event information: <a
href="https://www.irlchess.com/irlch2009_allfiles/pairings_irlch2009.html">Tournament
report</a>. }

1. d4 Nf6 2. c4 c5 3. d5 b5 4. cxb5 a6 5. bxa6 g6 6. Nc3 Bxa6 7. Nf3 d6 8.
g3 Bg7 9. Bg2 Nbd7 10. O-O O-O 11. Rb1 Qa5 12. a3 Rfb8 13. Qc2 Ng4 14. Na2
Qb5 15. Nd2 Nge5 16. Nc3 Qa5 17. b3 Nd3 18. exd3 Qxc3 19. Qxc3 Bxc3 20. Nc4
Bxc4 21. dxc4 Ne5 22. Be4 f5 23. Bc2 Nf3+ 24. Kg2 Nd4 25. Bd1 Rb7 26. f4
Rab8 27. Rf2 Be1 28. Rfb2 Bc3 29. Rf2 Be1 30. Rfb2 1/2-1/2

[Event "Irish Championship 2009"]
[Site "Dublin IRL"]
[Date "2009.07.07"]
[Round "4"]
[White "Boyle, Bernard"]
[Black "Babei, Angelica"]
[Result "1-0"]
[WhiteElo "1936"]
[BlackElo "2015"]
[WhiteICU "1774"]
[WhiteClub "Elm Mount"]
[WhiteNationality "IRL"]
[BlackNationality "MDA"]
[WhiteFideId "2501830"]
[BlackFideId "13902598"]
[PlyCount "109"]
[EventDate "2009.07.04"]

{ Event information: <a
href="https://www.irlchess.com/irlch2009_allfiles/pairings_irlch2009.html">Tournament
report</a>. }

1. d4 d5 2. Bf4 Nf6 3. e3 c5 4. c3 Nc6 5. Nd2 Bf5 6. Ngf3 Qb6 7. Nh4 Bg6 8.
Nxg6 hxg6 9. Rb1 e6 10. Bd3 Be7 11. h3 O-O 12. Nf3 a5 13. a4 Rfc8 14. O-O
Na7 15. Ne5 c4 16. Bc2 Bd6 17. Ng4 Be7 18. Bg5 Qd8 19. Ne5 Nc6 20. f4 Nh7
21. Bxe7 Nxe7 22. e4 Nf6 23. exd5 Nexd5 24. Qe2 Qc7 25. Rf3 Ra6 26. Rbf1
Rd6 27. Bb1 Nb6 28. Bc2 Nfd5 29. Qe4 Qe7 30. Qe1 Qe8 31. Qg3 Nxa4 32. f5
exf5 33. Nxf7 Qxf7 34. Qxd6 Nab6 35. Bxf5 gxf5 36. Rxf5 Qe7 37. Rxd5 Nxd5
38. Qxd5+ Kh8 39. Qh5+ Kg8 40. Qxa5 Qe3+ 41. Kh1 Qe6 42. Qf5 Re8 43. Qxe6+
Rxe6 44. Rf5 Rb6 45. Rc5 Rxb2 46. Rxc4 b5 47. Rb4 Rc2 48. Rxb5 Rxc3 49. Rf5
Re3 50. Rf4 Kh7 51. h4 Kh6 52. Kh2 g5 53. hxg5+ Kxg5 54. g3 Re2+ 55. Kh3
1-0

[Event "Irish Championship 2009"]
[Site "Dublin IRL"]
[Date "2009.07.07"]
[Round "4"]
[White "Fox, Anthony"]
[Black "Fitzsimons, David"]
[Result "1/2-1/2"]
[WhiteElo "2086"]
[BlackElo "2167"]
[WhiteICU "2096"]
[BlackICU "2183"]
[WhiteClub "Dun Laoghaire"]
[BlackClub "Elm Mount"]
[WhiteNationality "IRL"]
[BlackNationality "IRL"]
[WhiteFideId "2500736"]
[BlackFideId "2501961"]
[PlyCount "82"]
[EventDate "2009.07.04"]

{ Event information: <a
href="https://www.irlchess.com/irlch2009_allfiles/pairings_irlch2009.html">Tournament
report</a>. }

1. e4 c5 2. Nc3 g6 3. g3 Bg7 4. Bg2 Nc6 5. d3 d6 6. Be3 h5 7. h3 e5 8. Qd2
Nge7 9. f4 Be6 10. Nf3 Nd4 11. Ng5 Bd7 12. O-O f6 13. Nf3 Qc8 14. Kh2 O-O
15. Rf2 b5 16. fxe5 dxe5 17. Bh6 b4 18. Nd1 Rb8 19. Bxg7 Kxg7 20. Ne3 Be6
21. c3 bxc3 22. bxc3 Nxf3+ 23. Rxf3 Qa6 24. Rf2 Rbd8 25. Bf1 Qa4 26. Rb1 c4
27. d4 exd4 28. cxd4 c3 29. Qxc3 Qxd4 30. Qxd4 Rxd4 31. Rb7 Rd7 32. Rxd7
Bxd7 33. Nd5 Nxd5 34. exd5 Rd8 35. Bc4 Bf5 36. Rb2 Rd7 37. Rb8 Be4 38. h4
g5 39. Rc8 Kf7 40. Rc6 Bf3 41. Ra6 Be4 1/2-1/2

[Event "Irish Championship 2009"]
[Site "Dublin IRL"]
[Date "2009.07.07"]
[Round "4"]
[White "Healy, John"]
[Black "O'Leary, Matt"]
[Result "0-1"]
[WhiteElo "1859"]
[BlackElo "2053"]
[WhiteICU "1869"]
[WhiteClub "St. Benildus"]
[WhiteNationality "IRL"]
[BlackNationality "IRL"]
[WhiteFideId "2500965"]
[BlackFideId "2501970"]
[PlyCount "47"]
[EventDate "2009.07.04"]

{ Event information: <a
href="https://www.irlchess.com/irlch2009_allfiles/pairings_irlch2009.html">Tournament
report</a>. }

1. d4 Nf6 2. c4 c5 3. d5 d6 4. Nc3 a6 5. e4 g6 6. h3 Bg7 7. Bd3 O-O 8. Nf3
Nbd7 9. Be3 Ne8 10. Qd2 Ne5 11. Nxe5 Bxe5 12. Bh6 Ng7 13. O-O-O Bd7 14.
Rhe1 b5 15. f4 Bd4 16. e5 Qa5 17. exd6 exd6 18. Ne4 Qxa2 19. Nxd6 bxc4 20.
Nxc4 Ba4 21. Qa5 Rfb8 22. Rd2 Rb5 23. Rc2 Nf5 24. Qxa6 0-1

[Event "Irish Championship 2009"]
[Site "Dublin IRL"]
[Date "2009.07.07"]
[Round "4"]
[White "Loughran, John"]
[Black "Quinn, Ciaran"]
[Result "1-0"]
[WhiteElo "1939"]
[BlackElo "2133"]
[WhiteICU "1675"]
[BlackICU "1865"]
[WhiteClub "Elm Mount"]
[BlackClub "Elm Mount"]
[WhiteNationality "IRL"]
[BlackNationality "IRL"]
[WhiteFideId "2501562"]
[BlackFideId "2500817"]
[PlyCount "64"]
[EventDate "2009.07.04"]
[BlackFullName "Quinn, Ciar&aacute;n"]

{ Event information: <a
href="https://www.irlchess.com/irlch2009_allfiles/pairings_irlch2009.html">Tournament
report</a>. }

1. d4 Nf6 2. c4 e6 3. Nf3 d5 4. Nc3 Be7 5. Bg5 Nbd7 6. e3 c6 7. cxd5 exd5
8. Qc2 O-O 9. Bd3 Re8 10. O-O Nf8 11. Rab1 g6 12. b4 Ne6 13. Bh4 Ng7 14. b5
Bf5 15. bxc6 bxc6 16. Rfc1 Ng4 17. Bg3 Ba3 18. Re1 Bd6 19. Bxd6 Qxd6 20. h3
Nf6 21. Na4 Ne4 22. Rb3 Rab8 23. Reb1 Rxb3 24. Rxb3 Qf6 25. Ne5 c5 26. Bxe4
Bxe4 27. Qxc5 Qg5 28. f3 Bf5 29. Qc7 Be6 30. Nc5 Rf8 31. Ng4 Bxg4 32. hxg4
h5 1-0

[Event "Irish Championship 2009"]
[Site "Dublin IRL"]
[Date "2009.07.07"]
[Round "4"]
[White "O'Connell, Gerard"]
[Black "Atlas, Valeri"]
[Result "0-1"]
[BlackTitle "IM"]
[WhiteElo "2121"]
[BlackElo "2428"]
[WhiteICU "2119"]
[WhiteClub "St. Benildus"]
[WhiteNationality "IRL"]
[BlackNationality "AUT"]
[WhiteFideId "2500493"]
[BlackFideId "12000035"]
[PlyCount "98"]
[EventDate "2009.07.04"]

{ Event information: <a
href="https://www.irlchess.com/irlch2009_allfiles/pairings_irlch2009.html">Tournament
report</a>. }

1. d4 Nf6 2. c4 c5 3. d5 e5 4. Nc3 d6 5. e4 Be7 6. Nf3 Nbd7 7. Be2 O-O 8.
h3 Nh5 9. Nxe5 Nxe5 10. Bxh5 Nxc4 11. Be2 Ne5 12. O-O Ng6 13. Kh2 Rb8 14.
a4 a6 15. a5 b5 16. axb6 Rxb6 17. Bg4 Bf6 18. Bxc8 Qxc8 19. Qc2 Re8 20. Ra3
Rb4 21. f3 Be5+ 22. g3 h5 23. Kg2 h4 24. g4 Qb7 25. Rf2 Bg3 26. Re2 Bf4 27.
Rf2 Rb8 28. Ra2 Bg3 29. Re2 c4 30. Nd1 Nf4+ 31. Bxf4 Bxf4 32. Nc3 Qb6 33.
Qd1 Be5 34. Qd2 Bg3 35. Nd1 Rb3 36. Nc3 a5 37. Nd1 Rd3 38. Qc2 Qd4 39. Nf2
Bxf2 40. Rxf2 Qe5 41. Qxc4 Qg3+ 42. Kf1 Re3 43. Qc1 Qxh3+ 44. Kg1 Qg3+ 45.
Kf1 Rxf3 46. b3 Qh3+ 47. Kg1 Rfxb3 48. Rab2 Rxb2 49. Rxb2 Qxg4+ 0-1